Efecto del estado del pavimento sobre la capacidad y el nivel de servicio de las carreteras de dos carriles.
Tallennettuna:
| Päätekijä: | |
|---|---|
| Aineistotyyppi: | Kirja |
| Julkaistu: |
San José, Costa Rica
1987
|
| Aiheet: | |
| Tagit: |
Lisää tagi
Ei tageja, Lisää ensimmäinen tagi!
|
MARC
| LEADER | 00000nam a2200000Ia 4500 | ||
|---|---|---|---|
| 003 | 004450 | ||
| 005 | 20221231144347.0 | ||
| 008 | 140114s1987 cr a m 000 ||s d | ||
| 040 | |c cru CEDI | ||
| 090 | |a TFG 2050 | ||
| 100 | |a López Lizano, Juan de Dios |9 13765 | ||
| 245 | |a Efecto del estado del pavimento sobre la capacidad y el nivel de servicio de las carreteras de dos carriles. | ||
| 260 | |c 1987 |a San José, Costa Rica | ||
| 300 | |a 79, [263] hojas : ilustraciones ; 28 cm | ||
| 500 | |a Proyecto de graduacion (licenciatura en ingeniería civil)--Universidad de Costa Rica. Facultad de Ingeniería. Escuela de Ingeniería Civil | ||
| 650 | |x CARRETERAS - MANTENIMIENTO Y REPARACION |x PAVIMENTOS |9 4852 | ||
| 942 | |c TFG |2 ddc | ||
| 999 | |c 20717 |d 20717 | ||
